Double O Answers - Statistics

General Stats
  • This quiz has been taken 71,222 times
    45,116 since last reset
  • The average score is 14 of 20
Answer Stats
Hint Answer % Correct
Center of the American film industry Hollywood
99%
Like the above, but for India Bollywood
95%
What giant pandas eat Bamboo
92%
Napoleon's final battle Waterloo
83%
Hometown of the Beatles Liverpool
82%
Ebenezer's last name Scrooge
82%
Last name of two U.S. Presidents Roosevelt
77%
Whaler's weapon Harpoon
76%
1969 hippie music festival Woodstock
75%
Creature also known as Sasquatch Bigfoot
70%
Borough of New York City Brooklyn
70%
Yaoundé is the capital of this African nation Cameroon
68%
Person who thinks pyrite is gold? Fool
66%
1984 dance movie starring Kevin Bacon Footloose
63%
Number with one hundred zeroes Googol
61%
Haitian or Louisiana folk religion Voodoo
60%
Prehistoric "tiger" of the Americas Sabertooth
59%
Muslim ethnic group that controlled Morocco in the Middle Ages Moors
43%
Mammal that hunts venomous snakes Mongoose
42%
James Bond movie set in space Moonraker
36%
No matching quizzes found
Score Distribution
Percent of People with Each Score
Percentile by Number Answered
Your Score History
You have not taken this quiz since the last reset